| 000 | 00557cam a2200217ua 4500 | ||
|---|---|---|---|
| 020 | _cRs 230.70 | ||
| 041 |
_aeng _h |
||
| 082 |
_a515.723 _bSPI/TH |
||
| 100 | _aSpiegel, Murray R . | ||
| 245 |
_aTheory and problems of Laplace transforms / _cMurray R Spiegel. _hTextual Documents |
||
| 250 |
_a1 / _b. |
||
| 260 |
_aNew York : _bMc Graw Hill Book Company , _c1986. |
||
| 300 | _a261 ; . | ||
| 365 | _aRs 230.70 | ||
| 500 | _a*CSS | ||
| 504 | _a | ||
| 942 | _cBK | ||
| 999 |
_c1955 _d1955 |
||